000 00396nam a2200157 i 4500
001 bg
100 1 _aBANY, Bogdan
245 0 _aNowoczesne konstrukcje halowe z drewna /
_cBogdan Bany, Stanisław Kuś.
260 _aWarszawa,
_c1976.
700 1 _aKUŚ, Stanisław
040 _cBPK
041 _apol
080 _a624.011:624.07
942 _cKS
008 s pl f |000 0 pol
999 _c17059
_d17059
856 _uhttp://koha.tu.koszalin.pl/cgi-bin/koha/opac-detail.pl?biblionumber=17059
_yKatalog online BPK